The Art of Choosing/ (Record no. 206569)

MARC details
000 -LEADER
fixed length control field 00533nam a2200193 4500
005 - DATE AND TIME OF LATEST TRANSACTION
control field 20241022141552.0
010 ## - LCCN (DPL NO)
LC control number ENG-142257
020 ## - INTERNATIONAL STANDARD BOOK NUMBER
Terms of availability 399.00
International Standard Book Number 9780349121420
035 ## - SYSTEM CONTROL NUMBER
System control number EN-125789
037 ## - SOURCE OF ACQUISITION
Source of stock number/acquisition DBAD
082 ## - DEWEY DECIMAL CLASSIFICATION NUMBER
Classification number 370.15
100 ## - MAIN ENTRY--PERSONAL NAME
Personal name Iyengar,Sheena
245 ## - TITLE STATEMENT
Title The Art of Choosing/
Statement of responsibility, etc Sheena Iyengar
250 ## - EDITION STATEMENT
Edition statement First
260 ## - PUBLICATION, DISTRIBUTION, ETC. (IMPRINT)
Place of publication, distribution, etc London
Name of publisher, distributor, etc Abacus
Date of publication, distribution, etc 2010
270 ## - ADDRESS
Address Little,Brown Book Group 100 Victoria Embarkment
City London
300 ## - PHYSICAL DESCRIPTION
Extent 336p.
Dimensions 20cm(pb)
942 ## - ADDED ENTRY ELEMENTS (KOHA)
Source of classification or shelving scheme Dewey Decimal Classification
Item type English Books
Classification part 370.15
Call number suffix IYE
Holdings
Withdrawn status Lost status Not for loan Collection code Home library Current library Date acquired Source of acquisition Cost, normal purchase price Full call number Barcode Copy number Cost, replacement price Koha item type
      Non-fiction Bawana Bawana 22/10/2024 DBAD 399.00 370.15 IYE EN-125789 1 399.00 English Books

© Delhi Public Library
Hit Counter
free hit counter